000 00878nam a2200217Ia 4500
005 20241129111322.0
008 241129s9999||||xx |||||||||||||| ||und||
020 _a978-81-8370-657-5
037 _aTB
040 _aCRL
_bhin
_cCRL
041 _aeng
_2eng
084 _aY:351.2 R3
_qCRL
100 _aमिश्र, मुनीन्द्र, ले.
245 0 _aअचल रहे अहिवात तुम्हारा: लोक रीति और लोक पर्व पर लेखों का संकलन
_cमिश्र, मुनीन्द्र, ले.
260 _aनयी दिल्ली, भारत
_bअकांक्षा पब्लिशिंग हाउस
_c2023
300 _a244पृ0
365 _aINR
_b1000
650 _aSociologyFolklore
942 _cTB
_hY:351.2 R3
999 _c1229905
_d1229905